Method in the metaphor : the ritual language of Wanukaka

Bibliographic Details
Published in:To speak in pairs, ed. by James J. Fox, Cambridge, 1988, P. 64-86 (Cambridge studies in oral and literate culture)
Main Author: Mitchell, David
Content type: Article
Published: 1988
Source:MPIPL_cat
_version_ 1863687004558983168
author Mitchell, David
author_facet Mitchell, David
author_search Mitchell, David
author_sort Mitchell, David
author_variant d m dm
collection_details MPIPL
container_reference P. 64-86
container_start_page 64
container_title To speak in pairs : essays on the ritual languages of eastern Indonesia
dedup_id_str MPIPL_cat.PL0052333
dewey-hierarchy 0/[Unassigned]/
dewey-hierarchy_str 0/[Unassigned]/
first_indexed 2026-03-14T00:40:05Z
format 0/Artikel/
format_str 0/Artikel/
fullrecord <?xml version="1.0" encoding="UTF-8"?> <collection xmlns:xsi="http://www.w3.org/2001/XMLSchema-instance" xsi:schemaLocation="http://www.loc.gov/MARC21/slim http://www.loc.gov/standards/marcxml/schema/MARC21slim.xsd" xmlns="http://www.loc.gov/MARC21/slim"> <record> <leader>00000naa a2200000 u 4500</leader> <controlfield tag="001">PL0052333</controlfield> <controlfield tag="003">PLI01000000000000000052066</controlfield> <controlfield tag="005">00000000000000.0</controlfield> <controlfield tag="008"> ||| u </controlfield> <datafield tag="100" ind1="1" ind2=" "> <subfield code="a">Mitchell, David</subfield> </datafield> <datafield tag="245" ind1="0" ind2="0"> <subfield code="a">Method in the metaphor</subfield> <subfield code="b">the ritual language of Wanukaka</subfield> <subfield code="c">David Mitchell</subfield> </datafield> <datafield tag="260" ind1=" " ind2=" "> <subfield code="c">1988</subfield> </datafield> <datafield tag="952" ind1=" " ind2=" "> <subfield code="j">1988</subfield> <subfield code="h">P. 64-86</subfield> </datafield> <datafield tag="996" ind1=" " ind2=" "> <subfield code="a">Aufsatz</subfield> </datafield> <datafield tag="997" ind1=" " ind2=" "> <subfield code="a">book chapter</subfield> </datafield> <datafield tag="773" ind1="0" ind2="8"> <subfield code="t">To speak in pairs</subfield> <subfield code="a">ed. by James J. Fox</subfield> <subfield code="d">Cambridge, 1988</subfield> <subfield code="g">P. 64-86</subfield> <subfield code="k">Cambridge studies in oral and literate culture</subfield> <subfield code="w">MPIPL_cat.PL0052330</subfield> <subfield code="z">0-521-34332-1</subfield> <subfield code="i">In:</subfield> </datafield> </record> </collection>
hierarchy_parent_id MPIPL_cat.PL0052330
hierarchy_parent_title To speak in pairs : essays on the ritual languages of eastern Indonesia
id MPIPL_cat.PL0052333
illustrated Not Illustrated
institution MPIPL_cat
institution_str MPIPL_cat
isbn 9780521343329
0-521-34332-1
language und
language_str und
last_indexed 2026-04-27T23:41:36Z
local_fields Aufsatz
online false
online_MPIPL_cat false
online_str false
publishDate 1988
publishDate_str 1988
record_format marc
spelling Mitchell, David
Method in the metaphor
the ritual language of Wanukaka
David Mitchell
1988
To speak in pairs
ed. by James J. Fox
Cambridge, 1988
P. 64-86
Cambridge studies in oral and literate culture
0-521-34332-1
In
spellingShingle Mitchell, David
Method in the metaphor : the ritual language of Wanukaka
title Method in the metaphor : the ritual language of Wanukaka
title_full Method in the metaphor the ritual language of Wanukaka David Mitchell
title_fullStr Method in the metaphor the ritual language of Wanukaka David Mitchell
title_full_unstemmed Method in the metaphor the ritual language of Wanukaka David Mitchell
title_search Method in the metaphor the ritual language of Wanukaka
title_short Method in the metaphor
title_sort method in the metaphor the ritual language of wanukaka david mitchell
title_sub the ritual language of Wanukaka